Liput, joissa on aurinko - Statistics

Yleistilastot
  • Tätä visaa on pelattu 936 kertaa
  • Keskiarvotulos 11 / 17
Vastaustilastot
Kuvavisa Vastaus % Oikein
Japani
98%
Pohjois-Makedonia
95%
Argentiina
93%
Bangladesh
88%
Kazakstan
87%
Uruguay
84%
Kirgisia
79%
Filippiinit
75%
Kiribati
67%
Antigua ja Barbuda
61%
Malawi
59%
Taiwan
57%
Niger
53%
Nepal
50%
Namibia
25%
Ruanda
23%
Ecuador
12%
Ehtoja vastaavia visoja ei löytynyt
Tulosjakauma
Jokaisen tuloksen saaneiden osuus
Persentiili vastausten määrän mukaan
Tuloshistoriasi
Et ole pelannut tätä visaa